| 000 | 00446 a2200145 4500 | ||
|---|---|---|---|
| 005 | 20250612114132.0 | ||
| 020 | _a978-0-571-35422-1 | ||
| 082 | _a681.2 VIN | ||
| 100 | _aVINCENT, J. | ||
| 245 | _aBeyond Measure: The Hidden History of Measurement | ||
| 260 |
_aLondon, _bFaber & Faber Limited, _c2022. |
||
| 300 |
_aviii, 418p.: ill.; picture, table. _bIndex. _c20cm. |
||
| 856 |
_yAccess online book _fBeyond Measure _dwww.fsc.org |
||
| 942 |
_2ddc _cBKS |
||
| 999 |
_c3849 _d3849 |
||